Datum a čas kvízu
25
Celkem bodů
Celkový počet nahraných bodů na tomto kvízu bez doplňovacích otázek.
6.
Pořadí na kvízu
Konečné umístění týmu na tomto kvízu.
Zaznamenané odpovědi
| # | Otázka | Odpověď | Body | Výsledky |
|---|---|---|---|---|
| 1. | Nejvlivnější ženou Česka podle... | Lenka Bradáčová | 0 | |
| 2. | Dvanáctiletý londýnský kocour... | lehl si pod prezidentskou limuzínu | 0 | |
| 3. | Minulý týden se vrátil do kin... | Hana Brejchová | 0 | |
| 4. | V pondělí skončil po osmnácti... | iTunes | 1 | |
| 5. | Oštěpařka Barbora Špotáková se... | Řím | 0 | |
| 6. | Na každé písmeno abecedy exist... | geologie | 1 | |
| 8. | Uveďte název nauky o tvaru Zem... | geomorfologie | 1 | |
| 5. | Tentokrát nás bude zajímat náz... | genealogie | 0 | |
| 5. | Jaký je název lékařského oboru... | geriatrie | 0 | |
| 11. | Téma o tomto fotbalistovi, kte... | B | 0 |